FOOD! - Statistics

General Stats
  • This quiz has been taken 40 times
  • The average score is 8 of 23
Answer Stats
Hint Answer % Correct
You forgot the exclamation point bruh...>? !
100%
name them all... can you?
63%
Maybe No
63%
Kinda Not
63%
Oh really? Oh I don't know
63%
I love FOOD! Yes
63%
awwwwwwwwwwwwwwwwwww wwwwwwwwwwwwww wwwwwwwwwwwwwwww wwwwwww FOOD!
60%
What REALLY? is the next 1 duh>? Good Luck!
60%
Not Really Probably
60%
CHEESE
27%
BREAD
20%
CHIPS 'N' DIP
20%
CORN
20%
GRAPEFRUIT
20%
ICE CREAM
20%
PIZZA
20%
k let's goooooooooooooooooooooooo oooooo... now! MACEDONIAN NUTS
17%
BEEF
13%
SPAGHETTI
10%
wHAT'S THE NEXT ONE/? BEANS
7%
RICE
7%
MUSTARD
3%
POTATO
3%
No matching quizzes found
Score Distribution
Percent of People with Each Score
Percentile by Number Answered
Your Score History
You have not taken this quiz